• 首页
  • 本馆介绍
  • 公告通知
  • 最新文献
  • 馆藏检索
  • 电子资源
  • 读者导购
  • 参考咨询
  • 我的图书馆
  • 登录
  • 详细信息显示
  • 放入我的书架
  • 预约/预借图书
  • 作者相关作品
  • 分类相关作品
  • 丛书相关作品
  • 出版社相关作品

书目信息

  • 表格格式
  • 工作单格式
  • 卡片格式
题名:
分析性理性与辩证理性的裂变
    
 
作者: 沙青 , 张小燕 , 张燕京 著
分册:  
出版信息: 保定   河北大学出版社  2002
页数: 104页
开本: 19cm
丛书名:
单 册:
中图分类: B81-092
科图分类:
主题词: 逻辑史--研究--中国--20世纪
电子资源:
ISBN: 7-81028-876-8
000 00911nam0 2200229 45
001 0404071682
005 20040407163911.2
010    @a7-81028-876-8@dCNY14.00
100    @a20040407d2002 km y0chiy0120 ea
101 0  @achi
105    @a z 000yy
200 1  @a分析性理性与辩证理性的裂变@AFen Xi Xing Li Xing Yu Bian Zheng Li Xing De Lie Bian@e二十世纪中国逻辑思想论争的历史反思@EEr Shi Shi Ji Zhong Guo Luo Ji Si Xiang Lun Zheng De Li Shi Fan Si@f沙青,张小燕,张燕京著@FSha Qing,Zhang Xiao Yan,Zhang Yan Jing Zhu
210    @a保定@c河北大学出版社@d2002
215    @a104页@d19cm
517    @a二十世纪中国逻辑思想论争的历史反思@AEr Shi Shi Ji Zhong Guo Luo Ji Si Xiang Lun Zheng De Li Shi Fan Si
606 0  @a逻辑史@x研究@y中国@z20世纪
690    @aB81-092@v4
701  0 @a沙青@4著
701  0 @a张小燕@4著
701  0 @a张燕京@4著
801    @aCN@bTSTC@c20040407
905    @b331108-112@dB81-092@e147@f5
    
    分析性理性与辩证理性的裂变:二十世纪中国逻辑思想论争的历史反思/沙青,张小燕,张燕京著.-保定:河北大学出版社,2002
    104页;19cm
    
    
    ISBN 7-81028-876-8:CNY14.00
    
●
相关链接 在E读中查询图书 在五车中查询图书 在当当中查询图书 在豆瓣中查询图书


正题名:分析性理性与辩证理性的裂变     索取号:B81-092/147         预约/预借

序号 登录号 条形码 馆藏地/架位号 状态 备注
1 0331108   203311086   第一借阅区/ [索取号:B81-092/147] 在馆    
2 0331109   203311095   第一借阅区/ [索取号:B81-092/147] 在馆    
3 0331110   203311102   第一借阅区/ [索取号:B81-092/147] 在馆    
4 0331111   203311111   第一借阅区/ [索取号:B81-092/147] 在馆    
5 0331112   203311120   第一样本阅览室/ [索取号:B81-092/147] 在馆    
唐山师范学院图书馆 欢迎您!
大连网信软件有限公司© 版权所有